[Event "Vienna op"]
[Site "Vienna"]
[Date "1990.??.??"]
[Round "1"]
[White "Klinger, Josef"]
[Black "Molnar, Bela"]
[Result "1-0"]
[WhiteElo "2520"]
[BlackElo "2205"]
[PlyCount "77"]
[EventDate "1990.10.??"]
[Source "ChessBase"]

1. d4 d5 2. e3 Nf6 3. Bd3 c5 4. c3 Nc6 5. f4 g6 6. Nf3 Bg7 7. O-O O-O 8. Qe2 Bg4 9. Nbd2 Rc8 10. Qe1 Bf5 11. Bxf5 gxf5 12. Kh1 Ne4 13. Ne5 Nxe5 14. fxe5 e6 15. Qe2 f6 16. exf6 Rxf6 17. Nxe4 fxe4 18. Bd2 c4 19. Rxf6 Qxf6 20. Rf1 Qg6 21. Be1 Rf8 22. Rxf8+ Bxf8 23. Bg3 h6 24. Be5 b5 25. h4 Bg7 26. Bxg7 Kxg7 27. Kh2 h5 28. g4 Qf6 29. Kh3 hxg4+ 30. Qxg4+ Kh6 31. Kg3 Qe7 32. Qf4+ Kh7 33. Kg4 Qg7+ 34. Qg5 Qf7 35. Qh5+ Kg7 36. Qe5+ Qf6 37. Qc7+ Kh8 38. Qf4 Qe7 39. Qh6+ 1-0

[Event "Reykjavik Open"]
[Site "Reykjavik ISL"]
[Date "1993.??.??"]
[Round "1"]
[White "Sigfusson, Sigurdur"]
[Black "Thorhallsson, Throstur"]
[Result "0-1"]
[WhiteElo "2290"]
[BlackElo "2430"]
[PlyCount "136"]
[EventDate "1993.??.??"]
[Source "www.chesslib.no"]
[SourceDate "2004.05.04"]

1. d4 d5 2. e3 Nf6 3. Bd3 Nc6 4. f4 Nb4 5. Nf3 Nxd3+ 6. cxd3 c5 7. Nc3 e6 8. dxc5 Bxc5 9. d4 Bd6 10. Ne5 O-O 11. a3 Nd7 12. O-O f6 13. Nf3 Nb6 14. Qd3 Re8 15. b3 Bd7 16. Bb2 Rc8 17. a4 Bc6 18. Rf2 Nd7 19. g4 Qa5 20. Rd1 Qb6 21. Nb5 Be7 22. g5 a6 23. Na3 fxg5 24. Nxg5 Bxg5 25. fxg5 Rf8 26. Rdf1 Rxf2 27. Rxf2 Rf8 28. Rxf8+ Nxf8 29. Qc2 Ng6 30. Nb1 Qd8 31. Qg2 Nh4 32. Qg4 Qxg5 33. Qxg5 Nf3+ 34. Kf2 Nxg5 35. Nd2 Be8 36. a5 Bg6 37. Ba3 Bc2 38. Bc5 h6 39. b4 Bd1 40. h4 Nh7 41. e4 Kf7 42. Bd6 Nf6 43. exd5 exd5 44. Ke3 Ke6 45. Bf8 Nh5 46. Nb1 Bb3 47. Nd2 Bd1 48. Nb1 Bc2 49. Nc3 Bb3 50. Kf3 Kf5 51. b5 Ke6 52. Kg4 Nf6+ 53. Kf3 Kf7 54. Bd6 Bc4 55. b6 Bb3 56. Be5 Nd7 57. Bc7 Ke6 58. Kf4 Nf8 59. h5 g6 60. Kg4 g5 61. Be5 Nd7 62. Bg7 Nf6+ 63. Kf3 Ng8 64. Bf8 Kf7 65. Bd6 Nf6 66. Be5 Nd7 67. Bc7 Ke6 68. Bd8 Nb8 0-1

[Event "Brno"]
[Site "?"]
[Date "2006.07.04"]
[Round "6"]
[White "Tuma Jiri"]
[Black "Cech Pavel"]
[Result "1/2-1/2"]
[WhiteElo "2292"]
[BlackElo "2416"]
[PlyCount "66"]
[EventDate "2006.??.??"]
[Source "www.chesslib.no"]
[SourceDate "2004.05.04"]

1. d4 d5 2. e3 Nf6 3. Bd3 g6 4. Nf3 Bg7 5. O-O O-O 6. b3 Bg4 7. Nbd2 e5 8. dxe5 Nfd7 9. Ba3 Re8 10. h3 Bxf3 11. Nxf3 Nxe5 12. Nxe5 Bxe5 13. Rc1 c6 14. Qd2 Nd7 15. c4 Nf6 16. cxd5 Nxd5 17. Bc4 Nb6 18. Qe2 Nxc4 19. Rxc4 Qc7 20. Bb2 Rad8 21. Rfc1 Rd5 22. Rc5 Rxc5 23. Rxc5 Bxb2 24. Qxb2 Rd8 25. Rc1 Qd6 26. Qe2 Qd2 27. Rc2 Qxe2 28. Rxe2 Kg7 29. g3 Kf6 30. Kg2 Ke5 31. Kf3 c5 32. Rc2 b6 33. Ke2 f5 1/2-1/2

[Event "Corr"]
[Site "?"]
[Date "2001.03.04"]
[Round "?"]
[White "Markus Roland"]
[Black "Hallengren Boris"]
[Result "1/2-1/2"]
[WhiteElo "2356"]
[BlackElo "2350"]
[PlyCount "80"]
[EventDate "2001.??.??"]
[Source "www.chesslib.no"]
[SourceDate "2004.05.04"]

1. d4 d5 2. e3 Nf6 3. Bd3 g6 4. Nd2 Bg7 5. f4 c5 6. c3 c4 7. Bc2 Nc6 8. Ngf3 Bf5 9. O-O Rc8 10. b3 Ng4 11. Re1 cxb3 12. Bxf5 gxf5 13. Qxb3 Qd7 14. Rb1 b6 15. Ba3 Na5 16. Qc2 e6 17. h3 Nh6 18. Ne5 Bxe5 19. fxe5 Ng8 20. Bb4 Nc6 21. Ba3 f6 22. exf6 Nxf6 23. c4 Rg8 24. Qd3 Kf7 25. Re2 Rg3 26. Kh2 Qc7 27. Kh1 Nh5 28. cxd5 Nf4 29. dxe6+ Kg8 30. Qxf5 Nxe2 31. e7 Nxe7 32. Bxe7 Rg6 33. Ne4 Re8 34. Bh4 Rf8 35. Qd5+ Kh8 36. Re1 Nc3 37. Nxc3 Qxc3 38. e4 Rxg2 39. Kxg2 Rg8+ 40. Kf1 Rf8+ 1/2-1/2

[Event "BL2-Nord 0304"]
[Site "Germany"]
[Date "2004.??.??"]
[Round "?.3"]
[White "Sievers, Stefan"]
[Black "Rausch, Stephan"]
[Result "1/2-1/2"]
[WhiteElo "2355"]
[BlackElo "2345"]
[PlyCount "87"]
[EventDate "2003.10.??"]
[Source "Roberto Alvarez"]
[SourceDate "2004.07.26"]

1. d4 d5 2. e3 Nf6 3. Bd3 c6 4. Nd2 Nbd7 5. f4 g6 6. g4 Nb6 7. h3 h5 8. g5 Ng8 9. Qf3 Bf5 10. Bxf5 gxf5 11. h4 Qd6 12. Ne2 Qg6 13. b3 e6 14. a4 Ne7 15. Ba3 Nec8 16. Bxf8 Kxf8 17. c4 Nd7 18. O-O Qg8 19. Kh2 Nd6 20. Rfb1 Kg7 21. Ng3 Ne4 22. Ndxe4 dxe4 23. Qe2 Kg6 24. Ra2 Qf8 25. c5 Nb8 26. b4 Na6 27. b5 Nc7 28. Rb3 Nd5 29. Qc4 Qc8 30. Kg2 Qc7 31. Ne2 a6 32. bxc6 bxc6 33. Rab2 Rhb8 34. Kf2 a5 35. Rxb8 Rxb8 36. Rb3 Rb7 37. Rxb7 Qxb7 38. Ng3 Qb8 39. Qa6 Nxf4 40. Qb6 Nd3+ 41. Kg2 Ne1+ 42. Kf2 Nd3+ 43. Kg2 Ne1+ 44. Kf2 1/2-1/2

[Event "Mondariz op"]
[Site "?"]
[Date "1998.??.??"]
[Round "?"]
[White "Tallarico Tallarico Ovidio Ma"]
[Black "Adla Diego Gustavo"]
[Result "1/2-1/2"]
[WhiteElo "2235"]
[BlackElo "2460"]
[PlyCount "29"]
[EventDate "1998.??.??"]
[Source "www.chesslib.no"]
[SourceDate "2004.05.04"]

1. d4 d5 2. e3 Nf6 3. Bd3 g6 4. f4 Bg7 5. Nd2 O-O 6. Ngf3 c5 7. c3 b6 8. Qe2 Bb7 9. Ne5 Nbd7 10. b3 Ne4 11. Bb2 Rc8 12. Nxd7 Qxd7 13. Nxe4 dxe4 14. Bc4 cxd4 15. cxd4 1/2-1/2

[Event "Eikrem mem"]
[Site "Gausdal"]
[Date "1996.??.??"]
[Round "1"]
[White "Hellstrom, Ake"]
[Black "Gausel, Einar"]
[Result "0-1"]
[WhiteElo "2170"]
[BlackElo "2520"]
[PlyCount "74"]
[EventDate "1996.08.??"]
[Source "ChessBase"]

1. d4 d5 2. e3 Nf6 3. Bd3 c5 4. c3 Nc6 5. f4 Bg4 6. Nf3 e6 7. O-O Bd6 8. Qe1 Qc7 9. Ne5 h5 10. Nd2 O-O-O 11. Kh1 Bf5 12. Bb5 Ne4 13. Ndf3 f6 14. Nxc6 bxc6 15. Ba6+ Kb8 16. dxc5 Nxc5 17. Be2 e5 18. b4 Ne4 19. c4 h4 20. c5 Be7 21. Nxh4 Bh7 22. f5 Rdg8 23. Ba3 g5 24. fxg6 Bxg6 25. b5 f5 26. b6 Qd7 27. Nf3 axb6 28. Rb1 b5 29. Bxb5 cxb5 30. c6 Qxc6 31. Bxe7 Be8 32. Bh4 f4 33. Nxe5 Qc2 34. Bf2 Ng3+ 35. Bxg3 fxg3 36. Nf3 Rxh2+ 37. Nxh2 Qh7 0-1

[Event "Hastings Masters"]
[Site "Hastings"]
[Date "1995.??.??"]
[Round "6"]
[White "Wall, Gavin"]
[Black "McDonald, Neil R"]
[Result "1-0"]
[WhiteElo "2265"]
[BlackElo "2425"]
[PlyCount "80"]
[EventDate "1995.08.??"]
[Source "ChessBase"]

1. d4 d5 2. e3 Nf6 3. Bd3 g6 4. f4 Bg7 5. Nf3 c5 6. c3 b6 7. Nbd2 O-O 8. Qe2 cxd4 9. exd4 Bf5 10. Bxf5 gxf5 11. Ne5 Nbd7 12. Nc6 Qc7 13. Ne5 Ne4 14. Nxe4 fxe4 15. O-O Nxe5 16. fxe5 f6 17. Qg4 Kh8 18. e6 f5 19. Rxf5 Rxf5 20. Qxf5 Qc4 21. Qh5 Rf8 22. Bg5 Qb5 23. Rb1 Rf5 24. Qg4 Qd3 25. Re1 Rf8 26. Bxe7 Qd2 27. Bh4 Bh6 28. Qe2 Qxe2 29. Rxe2 Re8 30. e7 b5 31. Kf2 Bf4 32. b3 Bd6 33. c4 Bxe7 34. Bxe7 Rxe7 35. cxd5 a6 36. Ke3 Kg7 37. Rf2 Rc7 38. Kxe4 Rc1 39. d6 Re1+ 40. Kd5 Rc1 1-0

[Event "EU-ch U20"]
[Site "Sas van Gent"]
[Date "1992.??.??"]
[Round "1"]
[White "Sigfusson, Sigurdur"]
[Black "Fridman, Daniel"]
[Result "1-0"]
[WhiteElo "2295"]
[BlackElo "2390"]
[PlyCount "81"]
[EventDate "1992.08.??"]
[Source "ChessBase"]

1. d4 d5 2. e3 Nf6 3. Bd3 Nbd7 4. f4 g6 5. Nd2 c5 6. c3 Bg7 7. Nh3 O-O 8. O-O b6 9. Nf2 Bb7 10. g4 e6 11. g5 Ne8 12. Nf3 Nd6 13. Ne5 Nf5 14. Nfg4 Nxe5 15. dxe5 h6 16. gxh6 Nxh6 17. Nxh6+ Bxh6 18. Qg4 d4 19. Rd1 Rc8 20. b3 Rc7 21. Bb2 Qa8 22. Qh3 dxc3 23. Bxc3 Kg7 24. Be1 Bf3 25. Bh4 Kg8 26. Bf6 Bg7 27. Rd2 Bh5 28. Rg2 Rd7 29. Rg5 Qf3 30. Rg3 Qd5 31. Bc4 Qe4 32. Bxg7 Rfd8 33. Be2 Kxg7 34. Qxh5 Rh8 35. Qf3 Qc2 36. Rg2 Qc3 37. Rf1 Rhd8 38. h4 Rh8 39. h5 Rd2 40. hxg6 fxg6 41. Qe4 1-0

[Event "BL2-Sued 0304"]
[Site "Germany"]
[Date "2004.??.??"]
[Round "?.3"]
[White "Vogel, Robert"]
[Black "Crut, Aurelien"]
[Result "0-1"]
[WhiteElo "2315"]
[BlackElo "2370"]
[PlyCount "68"]
[EventDate "2003.10.??"]
[Source "Roberto Alvarez"]
[SourceDate "2004.07.26"]

1. d4 d5 2. e3 Nf6 3. Bd3 c5 4. c3 Nc6 5. f4 Bg4 6. Nf3 e6 7. Nbd2 Bd6 8. Nf1 Ne4 9. Ng3 f5 10. Bd2 O-O 11. Bxe4 fxe4 12. h3 exf3 13. hxg4 fxg2 14. Rg1 cxd4 15. cxd4 g5 16. Qf3 gxf4 17. exf4 Nxd4 18. Qd3 Bxf4 19. Bxf4 Rxf4 20. O-O-O Rxg4 21. Rxg2 Qg5+ 22. Rdd2 Rc8+ 23. Kd1 Qg6 24. Qxg6+ hxg6 25. Rd3 Rc7 26. Rf2 Rf7 27. Rxf7 Kxf7 28. Ra3 Nc6 29. Ne2 g5 30. Kd2 Rc4 31. Rf3+ Ke7 32. b3 Nd4 33. Rh3 Nxe2 34. Kxe2 Rh4 0-1

[Event "Nassau CC-ch"]
[Site "?"]
[Date "2001.12.17"]
[Round "10"]
[White "Chipkin Leonard"]
[Black "Novikov Igor A"]
[Result "1/2-1/2"]
[WhiteElo "2000"]
[BlackElo "2681"]
[PlyCount "98"]
[EventDate "2001.??.??"]
[Source "www.chesslib.no"]
[SourceDate "2004.05.04"]

1. d4 d5 2. e3 Nf6 3. Bd3 c5 4. c3 Qc7 5. f4 g6 6. Nf3 Bg7 7. O-O O-O 8. Qe1 b6 9. Nbd2 Nbd7 10. Ne5 Bb7 11. Qh4 e6 12. g4 Ne4 13. g5 f6 14. gxf6 Ndxf6 15. Ndf3 a5 16. Qh3 Qe7 17. Bd2 Ba6 18. Be1 Bxd3 19. Nxd3 Nd6 20. Bh4 Nf5 21. Nfe5 Qc7 22. Bxf6 Bxf6 23. Nf2 b5 24. Nfg4 Bg7 25. Rae1 b4 26. Nf3 bxc3 27. bxc3 cxd4 28. cxd4 Qe7 29. Nge5 Rac8 30. Rc1 Nxe3 31. Ng5 Bxe5 32. Qxe3 Bxf4 33. Qxf4 Rxf4 34. Rxc8+ Kg7 35. Rc7 Qxc7 36. Nxe6+ Kh6 37. Nxc7 Rxd4 38. Rf2 g5 39. Ne6 Re4 40. Nc5 Rc4 41. Ne6 Kh5 42. Rf5 Rc1+ 43. Kg2 Rc2+ 44. Kg3 Rc3+ 45. Kg2 h6 46. Rxd5 Rc2+ 47. Kg3 Rc3+ 48. Kg2 Rc2+ 49. Kg3 Rc3+ 1/2-1/2

[Event "17th Masters"]
[Site "Clichy"]
[Date "2003.03.29"]
[Round "8"]
[White "Onkoud, Abdelaziz"]
[Black "Verat, Laurent"]
[Result "1-0"]
[WhiteElo "2326"]
[BlackElo "2353"]
[PlyCount "149"]
[EventDate "2003.03.22"]
[Source "Roberto Alvarez"]
[SourceDate "2003.03.31"]

1. d4 d5 2. e3 Nf6 3. Bd3 Bg4 4. f3 Bh5 5. Ne2 e6 6. c4 c6 7. Qb3 Qb6 8. Nbc3 Nbd7 9. Bd2 Be7 10. Qxb6 axb6 11. Ng3 Bg6 12. e4 dxc4 13. Bxc4 b5 14. Be2 b4 15. Nd1 h5 16. O-O h4 17. Nh1 e5 18. dxe5 Nxe5 19. Be3 Rd8 20. Ndf2 Bh5 21. a4 bxa3 22. bxa3 O-O 23. a4 Bb4 24. Rab1 c5 25. Rfc1 b6 26. Bb5 Bd2 27. Bxd2 Rxd2 28. a5 bxa5 29. Rxc5 Ng6 30. Bf1 Ra8 31. Ra1 a4 32. Ra3 Nf4 33. g3 Ne2+ 34. Bxe2 Rxe2 35. g4 Bg6 36. Kf1 Rb2 37. Nd3 Rb1+ 38. Rc1 Rxc1+ 39. Nxc1 Nd7 40. Nf2 Nb6 41. Nfd3 f6 42. Rc3 Bf7 43. Nb4 a3 44. Nca2 Bc4+ 45. Kf2 Kf7 46. Ke3 Ke6 47. f4 Kd6 48. Kd4 Bxa2 49. Rc6+ Kd7 50. Rxb6 Bb1 51. Rb7+ Kc8 52. Rxg7 Ra4 53. Kc5 a2 54. Nxa2 Rxa2 55. e5 fxe5 56. f5 Rf2 57. Kc6 Kd8 58. Kd6 Ke8 59. Kxe5 Rxh2 60. Rb7 Re2+ 61. Kf6 Be4 62. Rh7 Bd3 63. Rxh4 Ra2 64. Rh8+ Kd7 65. Rh3 Ra6+ 66. Kg7 Bc2 67. Rc3 Be4 68. Re3 Bc2 69. f6 Rd6 70. g5 Rd5 71. Rg3 Rf5 72. f7 Ke6 73. f8=Q Rxf8 74. Kxf8 Kf5 75. g6 1-0

[Event "Moscow ol (Men)"]
[Site "Moscow"]
[Date "1994.??.??"]
[Round "9"]
[White "Cruz, Filemon"]
[Black "Dridi, Ali"]
[Result "1-0"]
[WhiteElo "2405"]
[BlackElo "2270"]
[PlyCount "160"]
[EventDate "1994.11.??"]
[Source "ChessBase"]

1. d4 d5 2. e3 Nf6 3. Bd3 g6 4. Nf3 Bg7 5. O-O O-O 6. Qe2 Nc6 7. c3 Bg4 8. h3 Bxf3 9. Qxf3 e5 10. Qd1 Re8 11. Nd2 Qd6 12. a3 a6 13. b4 Rad8 14. Bb2 exd4 15. cxd4 Ne4 16. Rc1 Nxd2 17. Qxd2 Nb8 18. a4 Bf8 19. b5 Rc8 20. Rc2 axb5 21. axb5 Nd7 22. Rfc1 Nb6 23. Qd1 Qd7 24. Ra1 Bd6 25. Ba3 Bxa3 26. Rxa3 Re7 27. Ra7 Rb8 28. Qa1 Qd8 29. Rc5 Nc8 30. Ra8 Nb6 31. Ra2 Qd6 32. Qc1 Kg7 33. Be2 Rd7 34. Bf3 Re7 35. Qc2 h5 36. Qb3 Rd7 37. Ra7 Kg8 38. Ra2 Kg7 39. Ra1 Kh7 40. Qc2 Kg7 41. Rc1 Rc8 42. e4 dxe4 43. Bxe4 Qxd4 44. Bxb7 Rb8 45. Bf3 Rbd8 46. Re1 Qb4 47. Re4 Rd4 48. Re7 Nd7 49. Bxh5 gxh5 50. Qf5 Qb3 51. Qg5+ Kf8 52. Rf5 Qb1+ 53. Kh2 Qxf5 54. Qxf5 Kxe7 55. Qg5+ Ke8 56. Qe3+ Ne5 57. Qxe5+ Kf8 58. Qxc7 R4d7 59. Qc5+ Ke8 60. b6 Re7 61. Qc6+ Kf8 62. b7 Rb8 63. Qc8+ Re8 64. Qc7 Kg7 65. Kg3 Kg6 66. f4 Re3+ 67. Kh4 Ree8 68. Qc5 Kg7 69. Qc7 Kg6 70. g4 hxg4 71. hxg4 Rh8+ 72. Kg3 Rbd8 73. Qc6+ Kg7 74. g5 Rhe8 75. Kg4 Re6 76. Qc3+ Kg8 77. Qc7 Ree8 78. Kh5 Kg7 79. Qc3+ Kh7 80. Qc6 Rh8 1-0

[Event "AUT Team Ch"]
[Site "Austria"]
[Date "1994.??.??"]
[Round "?"]
[White "Herzog, Adolf"]
[Black "Petschar, Kurt"]
[Result "1-0"]
[WhiteElo "2350"]
[BlackElo "2325"]
[PlyCount "57"]
[EventDate "1994.??.??"]
[Source "www.chesslib.no"]
[SourceDate "2004.05.04"]

1. d4 d5 2. e3 Nf6 3. Bd3 c5 4. c3 Qc7 5. f4 g6 6. Nf3 Bg7 7. O-O Bf5 8. Bxf5 gxf5 9. Nbd2 Nbd7 10. Ne5 e6 11. b3 cxd4 12. cxd4 Qc3 13. Ndc4 Nxe5 14. Nd6+ Kd7 15. fxe5 Qxa1 16. Qd3 a6 17. Nxf5 Rac8 18. Bd2 Qxa2 19. Nxg7 Rc2 20. Rxf6 Rxd2 21. Rxf7+ Kd8 22. Qf1 Qa3 23. Nxe6+ Kc8 24. Nc5 Rd8 25. Rc7+ Kxc7 26. Qf7+ Kb6 27. Qxb7+ Ka5 28. b4+ Qxb4 29. Qxa6# 1-0

[Event "Sportland NRW Cup"]
[Site "Senden"]
[Date "2001.10.20"]
[Round "8"]
[White "Sazanov, Nikolay E"]
[Black "Fontaine, Robert"]
[Result "1-0"]
[WhiteElo "2192"]
[BlackElo "2482"]
[PlyCount "135"]
[EventDate "2001.10.13"]
[Source "ChessBase"]
[SourceDate "2001.10.26"]

1. d4 d5 2. e3 Nf6 3. Bd3 c5 4. c3 Nc6 5. f4 Bg4 6. Nf3 e6 7. O-O Bd6 8. Qe1 Bf5 9. Be2 h6 10. Ne5 Qc7 11. Nd2 O-O-O 12. Bb5 Nb8 13. b3 cxd4 14. cxd4 a6 15. Be2 b6 16. Bb2 Kb7 17. Bf3 Ka7 18. Rc1 Qb7 19. Qg3 g5 20. Ndc4 g4 21. Nxd6 Rxd6 22. Qh4 gxf3 23. Qxf6 fxg2 24. Rf2 Rg8 25. Qxf7 Qxf7 26. Nxf7 Rc6 27. Rxc6 Nxc6 28. Nxh6 Re8 29. Ba3 Be4 30. Nf7 Rg8 31. Ng5 Bf5 32. Rxg2 Kb7 33. Kf2 a5 34. h4 Rh8 35. Nf3 Nb4 36. Bxb4 axb4 37. Rh2 Kc7 38. h5 Kd6 39. h6 Ke7 40. Ng5 Kf6 41. h7 Kg7 42. e4 dxe4 43. Ke3 Rc8 44. h8=Q+ Rxh8 45. Rxh8 Kxh8 46. Nf7+ Kg7 47. Ne5 Kf6 48. Nc6 Bg6 49. Nxb4 Ke7 50. Nc6+ Kd6 51. Ne5 Bf5 52. a4 Kd5 53. Nc4 Kc6 54. b4 Bh7 55. b5+ Kc7 56. Nd2 Bg6 57. Nxe4 Bh5 58. d5 exd5 59. Nf6 Bd1 60. Nxd5+ Kd6 61. Nc3 Bb3 62. Ke4 Kc5 63. f5 Bg8 64. f6 Kb4 65. Kf5 Bf7 66. Ne4 Kxa4 67. Nd6 Bb3 68. Kg6 1-0

[Event "Imperia op"]
[Site "?"]
[Date "1996.??.??"]
[Round "3"]
[White "Bozzi Gianni"]
[Black "Mozny Milos"]
[Result "0-1"]
[WhiteElo "2250"]
[BlackElo "2420"]
[PlyCount "50"]
[EventDate "1996.??.??"]
[Source "www.chesslib.no"]
[SourceDate "2004.05.04"]

1. d4 d5 2. e3 Nf6 3. Bd3 c5 4. c3 Nc6 5. f4 h6 6. Nf3 g5 7. fxg5 hxg5 8. Nxg5 Qc7 9. Nf3 Bg4 10. Qc2 e6 11. Na3 c4 12. Be2 a6 13. b4 b5 14. Bd2 Ne4 15. Rf1 Bf5 16. Qb2 Bd6 17. Nc2 Bxh2 18. O-O-O Bd6 19. Rh1 Rg8 20. Rhg1 Ng3 21. Rde1 Bd3 22. Bxd3 cxd3 23. Na1 Ne2+ 24. Kd1 Nxg1 25. Rxg1 Bh2 0-1

[Event "Seefeld op 9th"]
[Site "?"]
[Date "1998.??.??"]
[Round "3"]
[White "Reefschlaeger Helmut"]
[Black "Duer Werner"]
[Result "1-0"]
[WhiteElo "2355"]
[BlackElo "2310"]
[PlyCount "79"]
[EventDate "1998.??.??"]
[Source "www.chesslib.no"]
[SourceDate "2004.05.04"]

1. d4 d5 2. e3 Nf6 3. Bd3 c5 4. Nf3 Nc6 5. b3 cxd4 6. exd4 Bg4 7. Bb2 e6 8. O-O Bd6 9. Nbd2 O-O 10. h3 Bh5 11. Re1 Bg6 12. Bxg6 hxg6 13. c4 Rc8 14. c5 Bb8 15. Bc3 Nh5 16. g3 g5 17. Qe2 Nxg3 18. fxg3 Bxg3 19. Qg2 Bxe1 20. Rxe1 Ne7 21. Nxg5 Nf5 22. Ndf3 b6 23. b4 Re8 24. Qg4 Qf6 25. Ne5 Re7 26. Bd2 Rec7 27. Ngf3 Nh6 28. Qf4 Nf5 29. Kh1 Qd8 30. Qg4 bxc5 31. dxc5 d4 32. Kh2 Qd5 33. Rg1 f6 34. Nd3 Qxa2 35. Rg2 Qd5 36. Nf4 Qb3 37. Ng6 Ne3 38. Bxe3 Qxe3 39. Qh5 Kf7 40. Ne7+ 1-0

[Event "VL Gr2 9900"]
[Site "?"]
[Date "1999.11.21"]
[Round "3"]
[White "Luecke Norbert"]
[Black "Kraemer Matthias"]
[Result "1-0"]
[WhiteElo "2379"]
[BlackElo "2280"]
[PlyCount "56"]
[EventDate "1999.??.??"]
[Source "www.chesslib.no"]
[SourceDate "2004.05.04"]

1. d4 d5 2. e3 Nf6 3. Bd3 Nc6 4. Nf3 Nb4 5. Be2 Bf5 6. Na3 c6 7. O-O a5 8. c3 Na6 9. Qb3 Qc7 10. c4 e6 11. Bd2 Be7 12. Rfc1 O-O 13. Be1 a4 14. Qxa4 Nc5 15. Qd1 Na4 16. b4 Ra7 17. cxd5 Qb8 18. dxc6 bxc6 19. Ne5 Bxb4 20. Bxb4 Qxb4 21. Nxc6 Qxa3 22. Nxa7 Nc3 23. Nb5 Qxc1 24. Rxc1 Nxd1 25. Bxd1 Rb8 26. Nd6 Kf8 27. Bb3 Ke7 28. Nxf5+ exf5 1-0

[Event "Germany"]
[Site "?"]
[Date "2001.10.07"]
[Round "1.5"]
[White "Wall Gavin"]
[Black "Olbrich Marina"]
[Result "1-0"]
[WhiteElo "2356"]
[BlackElo "2302"]
[PlyCount "53"]
[EventDate "2001.??.??"]
[Source "www.chesslib.no"]
[SourceDate "2004.05.04"]

1. d4 d5 2. e3 Nf6 3. Bd3 Bg4 4. f3 Bh5 5. c4 c6 6. Nc3 e6 7. Nge2 Bg6 8. b3 Nbd7 9. Bb2 Bxd3 10. Qxd3 dxc4 11. Qxc4 Nd5 12. Kf2 Nb4 13. Nf4 e5 14. dxe5 Nxe5 15. Qe4 Qd2+ 16. Nce2 Qxb2 17. Rhb1 Qa3 18. Qxe5+ Be7 19. Qxg7 O-O-O 20. Rd1 Nc2 21. Rac1 Qxa2 22. Qxf7 Rxd1 23. Rxd1 Rd8 24. Qe6+ Kb8 25. Qe5+ Kc8 26. Ne6 Bd6 27. Qxd6 1-0

[Event "EU-ch U20"]
[Site "Sas van Gent"]
[Date "1992.??.??"]
[Round "2"]
[White "Sigfusson, Sigurdur"]
[Black "Pedersen, Steffen"]
[Result "1/2-1/2"]
[WhiteElo "2295"]
[BlackElo "2360"]
[PlyCount "80"]
[EventDate "1992.08.??"]
[Source "ChessBase"]

1. d4 d5 2. e3 Nf6 3. Bd3 g6 4. Nd2 Bg7 5. f4 O-O 6. Ngf3 c5 7. c3 Bf5 8. Bxf5 gxf5 9. dxc5 e6 10. Nd4 a5 11. b4 axb4 12. cxb4 Nc6 13. Qb3 Nh5 14. Nxc6 Qh4+ 15. g3 Nxg3 16. Nf3 Qh5 17. Rg1 Qxf3 18. Rxg3 Qh1+ 19. Kf2 Qxh2+ 20. Rg2 Qh4+ 21. Ke2 bxc6 22. Bb2 f6 23. Rag1 Ra7 24. a4 Re7 25. b5 e5 26. fxe5 fxe5 27. Rxg7+ Rxg7 28. Rxg7+ Kxg7 29. Bxe5+ Kg6 30. b6 Qe4 31. Bd6 Re8 32. b7 Qg2+ 33. Kd1 Qg1+ 34. Kc2 Qf2+ 35. Kb1 d4 36. b8=Q Rxb8 37. Qxb8 d3 38. Qe8+ Kg5 39. Qg8+ Kf6 40. Qf8+ Kg6 1/2-1/2

[Event "X Open internazionale"]
[Site "Banyoles SPA"]
[Date "2007.08.22"]
[Round "7"]
[White "Matnadze, Ana"]
[Black "Kuipers, Stefan"]
[Result "1/2-1/2"]
[WhiteElo "2409"]
[BlackElo "2245"]
[PlyCount "44"]
[EventDate "2007.08.16"]
[Source "www.chesslib.no"]
[SourceDate "2004.05.04"]

1. d4 d5 2. e3 Nf6 3. Bd3 c5 4. c3 Nc6 5. f4 g6 6. Nf3 c4 7. Bc2 Bf5 8. b3 b5 9. O-O Bg7 10. Ne5 Nxe5 11. Bxf5 Nf3+ 12. gxf3 gxf5 13. a4 a6 14. Qc2 e6 15. axb5 axb5 16. Rxa8 Qxa8 17. Ba3 Kd7 18. Bc5 Bf8 19. b4 Qa6 20. Nd2 Bxc5 21. dxc5 Ra8 22. Rb1 Qa2 1/2-1/2

[Event "Svetlogorsk op (Women)"]
[Site "?"]
[Date "1997.??.??"]
[Round "4"]
[White "Lagvilava Genrieta"]
[Black "Shumiakina Tatiana"]
[Result "0-1"]
[WhiteElo "2275"]
[BlackElo "2375"]
[PlyCount "81"]
[EventDate "1997.??.??"]
[Source "www.chesslib.no"]
[SourceDate "2004.05.04"]

1. d4 d5 2. e3 Nf6 3. Bd3 c5 4. c3 Nc6 5. f4 Bg4 6. Nf3 e6 7. O-O Bd6 8. Qe1 Bf5 9. Bxf5 exf5 10. Na3 O-O 11. Nc2 Re8 12. Qd1 c4 13. Ne5 Ne4 14. Ne1 Ne7 15. Qh5 g6 16. Qh6 f6 17. N5f3 Nc6 18. Nd2 Bf8 19. Qh3 Nd6 20. b3 b5 21. a4 cxb3 22. Nxb3 bxa4 23. Rxa4 Ne4 24. Nd3 Nxc3 25. Ra1 Nb4 26. Nxb4 Bxb4 27. Nc5 Bxc5 28. dxc5 d4 29. exd4 Qxd4+ 30. Kh1 Nd5 31. Qa3 Re2 32. Qf3 Rae8 33. Ba3 R8e3 34. Rfd1 Rxf3 35. Rxd4 Rxa3 36. Rb1 Ne7 37. h3 Rc3 38. Rb5 a6 39. Rb6 Rxc5 40. Rxa6 Kf7 41. Rdd6 0-1

[Event "Foment Open"]
[Site "Foment"]
[Date "1994.??.??"]
[Round "?"]
[White "Villa Izquierdo, Roberto"]
[Black "Korneev, Oleg"]
[Result "0-1"]
[WhiteElo "2150"]
[BlackElo "2500"]
[PlyCount "64"]
[EventDate "1994.??.??"]
[Source "www.chesslib.no"]
[SourceDate "2004.05.04"]

1. d4 d5 2. e3 Nf6 3. Bd3 Nc6 4. f4 Nb4 5. Nf3 Nxd3+ 6. cxd3 Bf5 7. Nc3 e6 8. O-O Be7 9. Re1 O-O 10. e4 Bg6 11. Ne5 c5 12. dxc5 Bxc5+ 13. d4 Bb4 14. Nxg6 fxg6 15. e5 Bxc3 16. bxc3 Ne4 17. c4 Rc8 18. cxd5 Nc3 19. Qb3 Qxd5 20. Be3 b5 21. Qxd5 Nxd5 22. g3 b4 23. Re2 a5 24. h4 h6 25. Rf1 Rc3 26. Bf2 a4 27. Be1 Rc4 28. Rd2 Rfc8 29. g4 Rc2 30. f5 gxf5 31. gxf5 b3 32. Rxc2 Rxc2 0-1

[Event "BL2-N 9596"]
[Site "GER"]
[Date "1996.??.??"]
[Round "?"]
[White "David, Adrian"]
[Black "Mordhorst, Henning"]
[Result "1/2-1/2"]
[WhiteElo "2315"]
[BlackElo "2335"]
[PlyCount "69"]
[EventDate "1995.10.??"]
[Source "www.chesslib.no"]
[SourceDate "2004.05.04"]

1. d4 d5 2. e3 Nf6 3. Bd3 g6 4. f4 Bg7 5. Nf3 O-O 6. O-O b6 7. Qe2 c5 8. c3 Bb7 9. b3 Nbd7 10. Bb2 Ne4 11. Rc1 Rc8 12. a4 Qc7 13. Na3 Qb8 14. Nb5 f6 15. c4 Kh8 16. Rf1 e6 17. Rac1 Bc6 18. Qc2 Rfe8 19. Rce1 Re7 20. Ba3 a6 21. Nc3 Nxc3 22. Qxc3 dxc4 23. Qxc4 b5 24. Qc2 b4 25. Bb2 cxd4 26. Nxd4 Bxa4 27. Qe2 Bb5 28. Nxb5 axb5 29. Bxb5 Nc5 30. Bc4 Qb6 31. Bd4 e5 32. fxe5 fxe5 33. Bxc5 Qxc5 34. Kh1 Rd8 35. Rd1 1/2-1/2

[Event "Campionato europeo 2007"]
[Site "Dresda GER"]
[Date "2007.04.04"]
[Round "2.118"]
[White "Godoj, Veit"]
[Black "Andersson, Ulf"]
[Result "0-1"]
[WhiteElo "2113"]
[BlackElo "2528"]
[PlyCount "48"]
[EventDate "2007.04.03"]
[Source "www.chesslib.no"]
[SourceDate "2004.05.04"]

1. d4 d5 2. e3 Nf6 3. Bd3 g6 4. Nd2 Bg7 5. f4 c5 6. c3 Qc7 7. Qf3 Bf5 8. Bxf5 gxf5 9. Qg3 Rg8 10. Ne2 Nbd7 11. b3 cxd4 12. exd4 e6 13. Bb2 O-O-O 14. Qe3 Ne4 15. O-O Kb8 16. a4 Nxd2 17. Qxd2 Nf6 18. a5 Ne4 19. Qd3 Bf6 20. c4 dxc4 21. bxc4 Qc6 22. g3 h5 23. Rfd1 h4 24. d5 Bxb2 0-1

[Event "Berliner Sommer"]
[Site "Berlin GER"]
[Date "1993.??.??"]
[Round "?"]
[White "Heisel, Guido"]
[Black "Thesing, Matthias"]
[Result "0-1"]
[WhiteElo "2255"]
[BlackElo "2385"]
[PlyCount "96"]
[EventDate "1993.08.??"]
[Source "www.chesslib.no"]
[SourceDate "2004.05.04"]

1. d4 d5 2. e3 Nf6 3. Bd3 c5 4. c3 Qc7 5. f4 g6 6. Nf3 Bg7 7. O-O O-O 8. b3 Bf5 9. Bb2 Nbd7 10. Ne5 Rac8 11. c4 Bxd3 12. Qxd3 cxd4 13. exd4 dxc4 14. bxc4 b6 15. Nd2 Rfd8 16. Rad1 Ne8 17. Qe2 Nd6 18. Rc1 Qb7 19. g4 Rc7 20. Ba3 Qa6 21. Qf3 Rcc8 22. Rce1 Qb7 23. d5 Nc5 24. f5 Rf8 25. Nc6 gxf5 26. gxf5 Bf6 27. Qh5 Kh8 28. Rf3 Rxc6 29. Rh3 Rg8+ 30. Kf1 Rg7 31. dxc6 Qxc6 32. Qf3 Qc8 33. Rh5 Bg5 34. Bb2 f6 35. Nb3 Nxc4 36. Bc3 Nxb3 37. axb3 Nd2+ 38. Bxd2 Bxd2 39. Rd1 Bb4 40. Rd4 Bc5 41. Rg4 Qa6+ 42. Kg2 Rxg4+ 43. Qxg4 Qa2+ 44. Kh1 Qxb3 45. h4 Qd5+ 46. Kh2 Qd2+ 47. Kh1 Qe1+ 48. Kh2 Qf2+ 0-1